Catálogo
 En Linea

Diccionario etimológico indoeuropeo de la lengua española / (Registro nro. 43449)

Detalles MARC
000 -CABECERA
campo de control de longitud fija 00680nam a2200205 a 4500
001 - NÚMERO DE CONTROL
campo de control 000043960
005 - FECHA Y HORA DE LA ÚLTIMA TRANSACCIÓN
campo de control 20201002045051.0
008 - DATOS DE LONGITUD FIJA--INFORMACIÓN GENERAL
campo de control de longitud fija 140512s1997 sp a r 001 0 spa d
020 ## - NÚMERO INTERNACIONAL ESTÁNDAR DEL LIBRO
Número Internacional Estándar del Libro 8420652520
040 ## - FUENTE DE LA CATALOGACIÓN
Centro catalogador/agencia de origen DO-SdBNP
Lengua de catalogación spa
Centro/agencia transcriptor BNPHU
082 ## - NÚMERO DE LA CLASIFICACIÓN DECIMAL DEWEY
Número de clasificación xxxx
Número de documento/Ítem xxxx
100 1# - ENTRADA PRINCIPAL--NOMBRE DE PERSONA
Nombre de persona Edward Roberts
9 (RLIN) 71903
245 10 - MENCIÓN DE TÍTULO
Título Diccionario etimológico indoeuropeo de la lengua española /
Mención de responsabilidad, etc. Edward Roberts, Bárbara Pastor ; prólogo Camilo José.
260 ## - PUBLICACIÓN, DISTRIBUCIÓN, ETC.
Lugar de publicación, distribución, etc. Madrid :
Nombre del editor, distribuidor, etc. Alianza Diccionario,
Fecha de publicación, distribución, etc. 1997.
300 ## - DESCRIPCIÓN FÍSICA
Extensión 360 p. ;
Dimensiones 25 cm.
500 ## - NOTA GENERAL
Nota general Segunda reimpresión 1997
504 ## - NOTA DE BIBLIOGRAFÍA, ETC.
Nota de bibliografía, etc. Bibliografía : p. 21-23
700 12 - PUNTO DE ACCESO ADICIONAL--NOMBRE DE PERSONA
Nombre de persona Pastor, Bárbara
9 (RLIN) 71904
700 12 - PUNTO DE ACCESO ADICIONAL--NOMBRE DE PERSONA
Nombre de persona José, Camilo,
Término indicativo de función/relación pról.
9 (RLIN) 71905
Existencias
Estado de retiro Estado de pérdida Restricciones de uso No para préstamo Código de colección Localización permanente Ubicación/localización actual Ubicación en estantería Fecha de adquisición Número de inventario Total de préstamos Signatura topográfica completa Código de barras Fecha visto por última vez Precio válido a partir de Tipo de ítem Koha
      Excluido de préstamo Monografías: Libros y Folletos General General Depósito 12.05.2014 LF1   xxxx xxxx 43960-10 25.06.2020 25.06.2020 No se presta

Con tecnología Koha